存在するJR路線(サドンデス) 2025年度現在 - Statistics

General Stats
  • This quiz has been taken 151 times
  • The average score is 10 of 15
Answers on the Grid
Answers color-coded by a green-red scale on the quiz's grid according to % correct below.
三江線
福塩線
足尾線
名寄本線
留萌本線
三角線
信越本線
北陸本線
根室本線
赤羽線
東海道新幹線
二俣線
木原線
八戸線
久慈線
宮古線
山田線
盛線
大船渡線
気仙沼線
天北線
網走本線
夕張線
越美北線
越美南線
富山港線
能登線
七尾線
阿佐東線
阿佐西線
大糸北線
大糸南線
仙崎線
日田彦山線
指宿線
 
Answer Stats
Answer % Correct
東海道新幹線
86%
一部三セク転換 信越本線
82%
一部三セク転換 北陸本線
78%
一部廃止 根室本線
78%
廃止予定 留萌本線
76%
福塩線
71%
赤羽線
67%
八戸線
66%
三角線
62%
一部三セク転換 山田線
58%
一部BRT化 大船渡線
52%
一部BRT化 気仙沼線
50%
越美北線
50%
一部三セク転換 七尾線
50%
一部BRT化 日田彦山線
49%
No matching quizzes found
Score Distribution
Percent of People with Each Score
Percentile by Number Answered
Your Score History
You have not taken this quiz